Three young rats and other rhymes (Record no. 7141)

MARC details
000 -CABECERA
campo de control de longitud fija 00647nam a2200217 a 4500
001 - NÚMERO DE CONTROL
campo de control BRCA_7465
005 - FECHA Y HORA DE LA ÚLTIMA TRANSACCIÓN
campo de control 20190320205840.0
008 - DATOS DE LONGITUD FIJA--INFORMACIÓN GENERAL
campo de control de longitud fija 180413s1944----nyua######---#000-0#eng-#
041 ## - CÓDIGO DE LENGUA
Código de lengua del texto/banda sonora o título independiente eng
044 ## - CÓDIGO DEL PAÍS DE LA ENTIDAD EDITORA/PRODUCTORA
Código MARC del país nyu
050 #4 - SIGNATURA TOPOGRÁFICA DE LA BIBLIOTECA DEL CONGRESO
Número de clasificación PZ8.3
Número de documento/Ítem .T47 1944
245 10 - MENCIÓN DE TÍTULO
Título Three young rats and other rhymes
Mención de responsabilidad, etc. drawings by Alexander Calder ; ed. with introd. by James Johnson Sweeney.
260 ## - PUBLICACIÓN, DISTRIBUCIÓN, ETC.
Lugar de publicación, distribución, etc. Nueva York
Nombre del editor, distribuidor, etc. C. Valetin
Fecha de publicación, distribución, etc. 1944
300 ## - DESCRIPCIÓN FÍSICA
Extensión xviii, 130 p.
Otras características físicas il.
500 ## - NOTA GENERAL
Nota general Q223
650 14 - PUNTO DE ACCESO ADICIONAL DE MATERIA--TÉRMINO DE MATERIA
Término de materia o nombre geográfico como elemento de entrada Rimas infantiles
9 (RLIN) 18378
700 1# - PUNTO DE ACCESO ADICIONAL--NOMBRE DE PERSONA
Nombre de persona Calder, Alexander
Fechas asociadas al nombre 1898-1976
Término indicativo de función/relación il.
9 (RLIN) 18379
700 1# - PUNTO DE ACCESO ADICIONAL--NOMBRE DE PERSONA
Nombre de persona Sweeney, James Johnson
Término indicativo de función/relación ed.
9 (RLIN) 18380
902 ## - CATALOGADOR
Iniciales GFM
942 ## - ELEMENTOS DE PUNTO DE ACCESO ADICIONAL (KOHA)
Fuente del sistema de clasificación o colocación Library of Congress Classification
Tipo de ítem Koha Libros
Holdings
Estado de retiro Estado de pérdida Estado dañado No para préstamo Localización permanente Ubicación/localización actual Fecha de adquisición Número de inventario Total de préstamos Signatura topográfica completa Código de barras Fecha visto por última vez Precio válido a partir de Tipo de ítem Koha
El ejemplar forma parte de la colección y puede ser consultado según las políticas vigentes.       Biblioteca del Museo Franz Mayer (Rogerio Casas-Alatriste) Biblioteca del Museo Franz Mayer (Rogerio Casas-Alatriste) 09/04/2013 Q223   PZ8.3 .T47 1944 (Q223) 8068 22/03/2019 22/03/2019 Libros